Wildlife SOS. Series 2, Episode 9 /

The Hobby in the last episode is moved to a larger enclosure. Three rabbits are released back into a forest. A hedgehog is rescued from behind someone's freezer. A falcon is found on a doorstep, and a badger is admitted into the centre with snare wounds.

Bibliographic Details
Other Authors: Cowell, Simon, 1952- (Narrator), Friend, Paul (Director, Producer)
Format: Video
Language:English
Language Notes:This edition in English.
Published: London, England : TVF International, 1999.
Series:VAST: academic video online
Subjects:
Online Access:Connect to this streaming video (Alexander Street Press)

MARC

Tag First Indicator Second Indicator Subfields
LEADER 00000cgm a2200000Ma 4500
001 in00005564458
006 m o c
007 cr |n||||||||a
007 vz |za|z|
008 140513s1999 enk023 e o vueng d
005 20241201232344.3
035 |a (OCoLC)ocn885259479 
040 |a ALSTP  |b eng  |e pn  |c ALSTP  |d OCLCO  |d OCLCF  |d OCLCQ  |d OCLCO  |d OCLCQ  |d MNI  |d WYU  |d UPM  |d OCLCO  |d OCLCL 
035 |a (OCoLC)885259479 
049 |a TXAM 
245 0 0 |a Wildlife SOS.  |n Series 2, Episode 9 /  |c produced and directed by Paul Friend. 
260 |a London, England :  |b TVF International,  |c 1999. 
300 |a 1 online resource (23 min.). 
306 |a 002350 
336 |a two-dimensional moving image  |b tdi  |2 rdacontent 
337 |a computer  |b c  |2 rdamedia 
338 |a online resource  |b cr  |2 rdacarrier 
490 0 |a VAST: academic video online 
500 |a Title from resource description page (viewed July 17, 2014). 
520 |a The Hobby in the last episode is moved to a larger enclosure. Three rabbits are released back into a forest. A hedgehog is rescued from behind someone's freezer. A falcon is found on a doorstep, and a badger is admitted into the centre with snare wounds. 
546 |a This edition in English. 
650 0 |a Wildlife management. 
650 0 |a Wildlife rehabilitation. 
650 0 |a Wildlife rescue. 
650 6 |a Faune  |x Réhabilitation. 
650 6 |a Faune  |x Sauvetage. 
650 7 |a Wildlife management.  |2 fast  |0 (OCoLC)fst01175323 
650 7 |a Wildlife rehabilitation.  |2 fast  |0 (OCoLC)fst01175404 
650 7 |a Wildlife rescue.  |2 fast  |0 (OCoLC)fst01175418 
655 4 |a Alexander Street Video. 
655 7 |a Documentary films.  |2 fast  |0 (OCoLC)fst01710390 
655 7 |a Documentary films.  |2 lcgft 
655 7 |a Documentaires.  |2 rvmgf 
700 1 |a Cowell, Simon,  |d 1952-  |4 nrt  |1 https://id.oclc.org/worldcat/entity/E39PCjrbpjDVYjQ3XxYVj4gKr3 
700 1 |a Friend, Paul.  |4 drt 
700 1 |a Friend, Paul.  |4 pro 
758 |i has work:  |a Wildlife SOS Series 2, Episode 9 (MovingImage)  |1 https://id.oclc.org/worldcat/entity/E39PCFD9Hw4PmDjRVcm6kBwxQq  |4 https://id.oclc.org/worldcat/ontology/hasWork 
856 4 0 |u http://proxy.library.tamu.edu/login?url=https://www.aspresolver.com/aspresolver.asp?AVN2;1797111  |z Connect to this streaming video (Alexander Street Press)  |t 0 
955 |a Alexander Street Press subscription streaming video 
994 |a 92  |b TXA 
999 f f |s a0fc4a6a-8d54-4ceb-82a3-3aba6b847e29  |i 5388892b-84eb-4dca-8363-84e977cffb0e  |t 0 
952 f f |a Texas A&M University  |b College Station  |c Electronic Resources  |d Available Online  |t 0  |h Library of Congress classification 
998 f f |t 0  |l Available Online